| 000 | 00336nam a2200133Ia 4500 | ||
|---|---|---|---|
| 005 | 20251222143257.0 | ||
| 008 | 251222s9999||||xx |||||||||||||| ||spa|| | ||
| 020 | _a8489295050 | ||
| 082 | _a251/B54 | ||
| 100 | _aBiedma, Manuel | ||
| 245 | 0 | _aLa Conquista Franciscana de Alto Ucayali | |
| 264 | _bLos Talleres de Ausonia | ||
| 942 | _cLIB | ||
| 999 |
_c15195 _d15195 |
||